Word Ladder: Bob Dylan Album Quiz Stats

Quiz Updated Jun 30, 2016

Challenge
Share
Tweet
Embed
Score 0/24 Timer 03:00
0 Plays Today
Clue 4-Letter Word % Correct
★ 'I ___ You' ★★WANT★
97.7%
What a singer sings intoMIKE
96.7%
Witch's facial blemishWART
96.5%
Erie, Huron, or Titicaca, e.g.LAKE
96.4%
★ [24] Likely You Go Your Way and I'll Go [15]' ★★MINE★
96.1%
CreateMAKE
95.7%
★ 'Just ___ a Woman' or 'Temporary ___ Achilles' ★★LIKE★
95.6%
★ '4th ___ Around' ★★TIME★
95.6%
Hair pestsLICE
95.2%
Taste a popsicleLICK
94.6%
Fork's pointy bitTINE
94.4%
Capital of ItalyROME
94%
Clue 4-Letter Word % Correct
Oxidized ironRUST
92.5%
'The ___ of the Ancient Mariner'RIME
92.1%
★ 'One of Us ___ Know (Sooner or Later)' ★★MUST★
90.2%
Baseball player Pete or Chicago Bulls PG DerrickROSE
89.5%
A trickRUSE
89.2%
Be in need ofLACK
87.2%
Showing caution or careful hesitationWARY
84.9%
Like the feel of a negligee or a doilyLACY
82.6%
Actors Grant or Elwes, e.g.CARY
81.8%
★ 'Sad Eyed ___ of the Lowlands' ★★LADY★
75.9%
American Suffragette, Elizabeth ___ StantonCADY
68.5%
★ [24] Likely You Go Your Way and I'll Go [15]' ★★MOST★
64.5%

Today's Daily Dose

Missing Word
Fruity Song Titles

Quick Pick
Double Blanks

On This Day
June 22nd II

You're not logged in!

Compare scores with friends on all Sporcle quizzes.
Join for Free
OR
Log In

You Might Also Like...

Show Comments

Extras

Top Quizzes Today


Score Distribution

Your Account Isn't Verified!

In order to create a playlist on Sporcle, you need to verify the email address you used during registration. Go to your Sporcle Settings to finish the process.

Report this User

Report this user for behavior that violates our Community Guidelines.

Details: